00470nam a2200157Ia 4500001000500000005001700005008004100022041000800063082001500071100004000086245013300126260000900259300002800268650000800296654000800304782220260306160523.0260306t2014||||xx |||||||||||||| ||spa|| aESP a362.4bR76 aRodríguez Rodríguez, PilareAUT 0aModelo de atención integral y centrada en la persona:bteoría y práctica en ámbitos del envejecimiento y la discapacidad c2014 a399 páginas :c24 cm. aGEN aCPS